ბათუმის შოთა რუსთაველის სახელმწიფო უნივერსიტეტის ბიბლიოთეკა

პარტიზანული ქრონიკები (ბიბ.ჩანაწერი № 41919)

000 -LEADER
fixed length control field 00972nam a2200217Ia 4500
001 - CONTROL NUMBER
control field 8603
003 - CONTROL NUMBER IDENTIFIER
control field GE_BSU
008 - FIXED-LENGTH DATA ELEMENTS--GENERAL INFORMATION
fixed length control field 181216s||||||||xx |||||||||||||| ||und||
040 ## - CATALOGING SOURCE
Transcribing agency GE_BSU
080 ## - UNIVERSAL DECIMAL CLASSIFICATION NUMBER
Universal Decimal Classification number 355.486(=353.1)
100 ## - MAIN ENTRY--PERSONAL NAME
Personal name თომაძე, ა
245 ## - TITLE STATEMENT
Title პარტიზანული ქრონიკები
245 ## - TITLE STATEMENT
Remainder of title ვ. ოსიყაშვილის, ა. დიდიშვილის, ს. ბელქანიას და დ. მაღალაშვილის საბრძოლო ეპიზოდები უკრაინის მიწაზე
245 ## - TITLE STATEMENT
Statement of responsibility, etc. რედ.: უ. ბახტაძე; მხატვ.: ი. მჭედლიშვილი
260 ## - PUBLICATION, DISTRIBUTION, ETC.
Place of publication, distribution, etc. თბილისი.
260 ## - PUBLICATION, DISTRIBUTION, ETC.
Name of publisher, distributor, etc. საბჭ. საქართველო
260 ## - PUBLICATION, DISTRIBUTION, ETC.
Date of publication, distribution, etc. 1971
300 ## - PHYSICAL DESCRIPTION
Extent 169 გვ; 4ფ. ილ. 20 სმ
653 ## - INDEX TERM--UNCONTROLLED
Uncontrolled term პარტიზანული ქრონიკები
942 ## - ADDED ENTRY ELEMENTS (KOHA)
Koha item type წიგნი
ეგზემპლარები
Withdrawn status Lost status Damaged status Not for loan Date acquired Barcode Date last seen Price effective from Koha item type
        2018-12-17 31000 2018-12-17 2018-12-17 წიგნი
        2018-12-17 31001 2018-12-17 2018-12-17 წიგნი